书目信息 |
| 题名: |
王以哲之死
|
|
| 作者: | 施原 著 | |
| 分册: | 下 | |
| 出版信息: | 北京 现代出版社 2017.07 |
|
| 页数: | 312-593页 | |
| 开本: | 24cm | |
| 丛书名: | ||
| 单 册: | ||
| 中图分类: | K264.806 | |
| 科图分类: | ||
| 主题词: | 西安事变--史料 | |
| 电子资源: | ||
| ISBN: | 978-7-5143-5978-7 | |
| 000 | 00966nam0 2200253 450 | |
| 001 | 0120161763278 | |
| 005 | 20170911104231.42 | |
| 010 | @a978-7-5143-5978-7@dCNY42.50,CNY85.00(全2册) | |
| 100 | @a20170615d2017 em y0chiy50 ea | |
| 101 | 0 | @achi |
| 102 | @aCN@b110000 | |
| 105 | @ay z 000yy | |
| 106 | @ar | |
| 200 | 1 | @a王以哲之死@9wang yi zhe zhi si@e东北军参与西安事变始末@h下@f施原著 |
| 210 | @a北京@c现代出版社@d2017.07 | |
| 215 | @a312-593页@d24cm | |
| 330 | @a本书以纪实的风格、细腻的笔法,依据翔实而新鲜的史料,详述了从九一八“不抵抗”到“双十二兵谏”,再到“二二兵变”东北军的命运起伏。东北军六十七军军长王以哲,卷入两起事迹全过程,成为“二二”血腥兵变的重要目标和牺牲者。 | |
| 333 | @a历史爱好者 | |
| 517 | 1 | @a东北军参与西安事变始末@9dong bei jun can yu xi an shi bian shi mo |
| 606 | 0 | @a西安事变@j史料 |
| 690 | @aK264.806@v5 | |
| 701 | 0 | @a施原@9shi yuan@4著 |
| 801 | 0 | @aCN@b人天书店@c20170615 |
| 905 | @b1065240-45@dK264.806@e62:2@f6 | |
| 王以哲之死:东北军参与西安事变始末.下/施原著.-北京:现代出版社,2017.07 |
| 312-593页;24cm |
| 使用对象:历史爱好者 |
| ISBN 978-7-5143-5978-7:CNY42.50,CNY85.00(全2册) |
| 本书以纪实的风格、细腻的笔法,依据翔实而新鲜的史料,详述了从九一八“不抵抗”到“双十二兵谏”,再到“二二兵变”东北军的命运起伏。东北军六十七军军长王以哲,卷入两起事迹全过程,成为“二二”血腥兵变的重要目标和牺牲者。 |
| ● |
| 相关链接 |
|
|
|
|
正题名:王以哲之死
索取号:K264.806/62:2
 
预约/预借
| 序号 | 登录号 | 条形码 | 馆藏地/架位号 | 状态 | 备注 |
| 1 | 1065240 | 210652408 | 第二样本阅览室/ [索取号:K264.806/62:2] | 在馆 | |
| 2 | 1065241 | 210652417 | 密集书库-史法系/ [索取号:K264.806/62:2] | 在馆 | |
| 3 | 1065242 | 210652426 | 第二借阅区/ [索取号:K264.806/62:2] | 在馆 | |
| 4 | 1065243 | 210652435 | 第二借阅区/ [索取号:K264.806/62:2] | 在馆 | |
| 5 | 1065244 | 210652444 | 第二借阅区/ [索取号:K264.806/62:2] | 在馆 | |
| 6 | 1065245 | 210652453 | 第二借阅区/ [索取号:K264.806/62:2] | 在馆 |